Malyje EVM Funkcional'noje projektirovanije

Gespeichert in:
Bibliographische Detailangaben
1. Verfasser: Kabalevskij, Aleksandr Nikolajevič
Format: Buch
Sprache:Russisch
Veröffentlicht: Moskva Nauka 1986
Ausgabe:1. izd.
Tags: Tag hinzufügen
Keine Tags, Fügen Sie das erste Tag hinzu!

MARC

LEADER 00000nam a2200000 4500
001 c031226
005 20221220073911.4
041 0 |a rus 
044 |a RU 
245 1 0 |a Malyje EVM  |b Funkcional'noje projektirovanije  |c Aleksandr Nikolajevič Kabalevskij 
250 |a 1. izd. 
264 1 |a Moskva  |b Nauka  |c 1986 
300 |a 224 s. 
100 1 |a Kabalevskij, Aleksandr Nikolajevič